Využitie jazyka R pre simulovanie procesu krachu

Základné predpoklady a vzťahy potrebné na pochopenie fungovania procesu prebytku. Lundbergova nerovnosť a pravdepodobnosť krachu. Realizácia odhadu pravdepodobnosti krachu v jazyku R pomocou simulácií.

Gespeichert in:
Bibliographische Detailangaben
1. Verfasser: Páleš, Michal, 1984-
Format: Buchkapitel
Sprache:Slowakisch
Schlagworte:
Tags: Tag hinzufügen
Keine Tags, Fügen Sie das erste Tag hinzu!

MARC

LEADER 00000nla a2200000 4500
001 0204288
005 20240502083513.1
041 0 |a slo 
044 |a CZ 
245 1 0 |a Využitie jazyka R pre simulovanie procesu krachu  |c Michal Páleš 
520 |a Základné predpoklady a vzťahy potrebné na pochopenie fungovania procesu prebytku. Lundbergova nerovnosť a pravdepodobnosť krachu. Realizácia odhadu pravdepodobnosti krachu v jazyku R pomocou simulácií. 
610 2 0 |a simulácia 
610 2 0 |a pravdepodobnosť 
610 2 0 |a škody 
610 2 0 |a riziko 
610 2 0 |a poistenie 
610 2 0 |a poisťovne 
100 1 |a Páleš, Michal, 1984-